000 00816nam a22002657a 4500
001 8873
003 FISKH
005 20251024162145.0
008 251024b cb ||||| |||| 00| 0 eng d
020 _a9780590135207
040 _aFISKH
_beng
_cFISKH
_dFISKH
050 _aPZ8.C456 F
082 _a398.84
100 _aChristelow, Eileen
_eAuthor
245 _aFive little monkeys sitting in a tree /
_cEileen Christelow
260 _aNew York :
_bScholastic ,
_c1991
300 _a32 pages :
_bcolor illustrations ;
_c21 x 25 cm
505 _aJ
520 _aFive little monkeys sitting in a tree discover, one by one, that it is unwise to tease Mr. Crocodile.
521 8 _a440
_bLexile
521 8 _aJ
_bRaz-Plus
650 _aFiction
_vFive little monkeys
942 _2ddc
_cBK
_n0
999 _c8873
_d8873